ბათუმის შოთა რუსთაველის სახელმწიფო უნივერსიტეტის ბიბლიოთეკა

ვინ ცხოვრობს რუსეთში კარგად (ბიბ.ჩანაწერი № 50102)

000 -LEADER
fixed length control field 01116nam a2200241Ia 4500
001 - CONTROL NUMBER
control field 17040
003 - CONTROL NUMBER IDENTIFIER
control field GE_BSU
008 - FIXED-LENGTH DATA ELEMENTS--GENERAL INFORMATION
fixed length control field 181216s||||||||xx |||||||||||||| ||und||
040 ## - CATALOGING SOURCE
Transcribing agency GE_BSU
080 ## - UNIVERSAL DECIMAL CLASSIFICATION NUMBER
Universal Decimal Classification number 821.161.1-11
100 ## - MAIN ENTRY--PERSONAL NAME
Personal name ნეკრასოვი, ნიკოლოზ ალექსის-ძე
245 ## - TITLE STATEMENT
Title ვინ ცხოვრობს რუსეთში კარგად
245 ## - TITLE STATEMENT
Remainder of title პოემა
245 ## - TITLE STATEMENT
Statement of responsibility, etc. თარგმანი: გრიგოლ ცეცხლაძის, ალიო მირცხულავასი, რაჟდენ გვეტაძის ; ლ. კალანდაძის წინასიტყვაობით და შენიშვნებით
260 ## - PUBLICATION, DISTRIBUTION, ETC.
Place of publication, distribution, etc. თბილისი
260 ## - PUBLICATION, DISTRIBUTION, ETC.
Name of publisher, distributor, etc. სახელგამი
260 ## - PUBLICATION, DISTRIBUTION, ETC.
Date of publication, distribution, etc. 1950
300 ## - PHYSICAL DESCRIPTION
Extent 287გვ. : 1 პორტრ. ; 21სმ
300 ## - PHYSICAL DESCRIPTION
Accompanying material დანართი: შენიშვნები, გვ. 271-83.
653 ## - INDEX TERM--UNCONTROLLED
Uncontrolled term ვინ ცხოვრობს რუსეთში კარგად
653 ## - INDEX TERM--UNCONTROLLED
Uncontrolled term პოემა
942 ## - ADDED ENTRY ELEMENTS (KOHA)
Koha item type წიგნი
ეგზემპლარები
Withdrawn status Lost status Damaged status Not for loan Date acquired Barcode Date last seen Price effective from Koha item type
        2018-12-17 21413 2018-12-17 2018-12-17 წიგნი
        2018-12-17 21414 2018-12-17 2018-12-17 წიგნი